| 000 -LEADER |
| fixed length control field |
00584nam a22001937a 4500 |
| 008 - FIXED-LENGTH DATA ELEMENTS--GENERAL INFORMATION |
| fixed length control field |
150707b xxu||||| |||| 00| 0 alb d |
| 020 ## - INTERNATIONAL STANDARD BOOK NUMBER |
| International Standard Book Number |
9789995639099 |
| 041 0# - LANGUAGE CODE |
| Language code of text/sound track or separate title |
alb |
| 080 ## - UNIVERSAL DECIMAL CLASSIFICATION NUMBER |
| Universal Decimal Classification number |
007 |
| 100 ## - Rafti |
| Rafti |
Joseph R. Dominick; |
| 245 ## - TITLE STATEMENT |
| Title |
Dinamika e komunikimit masiv : |
| Statement of responsibility, etc |
Joseph R. Dominick. |
| 260 ## - |
| -- |
Tiranë : |
| -- |
UET Press, |
| -- |
2010. |
| 300 ## - |
| -- |
686 f. : |
| -- |
me il.; |
| -- |
24 cm. |
| 650 #0 - |
| -- |
Shkenca shoqërore |
| 650 #0 - |
| -- |
Komunikimi dixhital |
| 650 #0 - |
| -- |
Masmedia |
| 650 #0 - |
| -- |
Statika dhe dinamika (Shkenca shoqërore) |
| 942 ## - ADDED ENTRY ELEMENTS (KOHA) |
| Source of classification or shelving scheme |
|
| Item type |
Books |